| 000 | 00405cam a22001337a 4500 | ||
|---|---|---|---|
| 008 | 180718b2001 xxu||||| |||| 00| 0 eng d | ||
| 082 | _aA81x54 91/12T/K | ||
| 100 | _aCensus of India 1991 | ||
| 245 | _aTemples of Kannoor district | ||
| 260 |
_aDelhi _bThe Controller of Publications _c2001 |
||
| 300 | _a626+p. | ||
| 440 | _aCensus of India special studies - Kerala | ||
| 650 | _aKannoor - Temples - Census | ||
| 999 |
_c491551 _d491551 |
||